Teaching that makes a difference (Record no. 2197)

MARC details
000 -LEADER
fixed length control field 00477nam a22001697a 4500
005 - DATE AND TIME OF LATEST TRANSACTION
control field 20181009164812.0
008 - FIXED-LENGTH DATA ELEMENTS--GENERAL INFORMATION
fixed length control field 181009b ||||| |||| 00| 0 eng d
040 ## - CATALOGING SOURCE
Transcribing agency DLC
082 ## - DEWEY DECIMAL CLASSIFICATION NUMBER
Classification number 268.6
Item number C1471T
100 ## - MAIN ENTRY--PERSONAL NAME
Personal name Caldwell, Irene Smith
245 ## - TITLE STATEMENT
Title Teaching that makes a difference
Statement of responsibility, etc. Irene Smith Caldwell
260 ## - PUBLICATION, DISTRIBUTION, ETC.
Place of publication, distribution, etc. Anderson, Indiana,
Name of publisher, distributor, etc. The Warner Press,
Date of publication, distribution, etc. 1950
300 ## - PHYSICAL DESCRIPTION
Extent 111p,;
500 ## - GENERAL NOTE
General note includes appendix [111]
650 ## - SUBJECT ADDED ENTRY--TOPICAL TERM
General subdivision religious education
942 ## - ADDED ENTRY ELEMENTS (KOHA)
Source of classification or shelving scheme Dewey Decimal Classification
Koha item type Books
Holdings
Withdrawn status Lost status Source of classification or shelving scheme Damaged status Not for loan Collection code Home library Current library Shelving location Date acquired Total Checkouts Full call number Barcode Date last seen Price effective from Koha item type Cost, normal purchase price
    Dewey Decimal Classification     Non-fiction Harvest Mission College Harvest Mission College General Stacks 09.10.2018   268.6 C1471T 001981 09.10.2018 09.10.2018 Books  
    Dewey Decimal Classification     Non-fiction Harvest Mission College Harvest Mission College General Stacks 09.10.2018   268.6 C1471T 001979 18.10.2018 09.10.2018 Books 300.00

OPAC Designed and Maintained by HMC Library Team.
Copyright © HMC Library,Greater Noida, UP.
For any Suggestions/Query Contact library via Email:libhmc@gmail.com